[Event "Titled Tue 1st Jul Late"]
[Site "chess.com INT"]
[Date "2025.07.01"]
[Round "2"]
[White "Vykouk, Jan"]
[Black "Rustamov, Rustam"]
[Result "0-1"]
[WhiteTitle "IM"]
[BlackTitle "FM"]
[WhiteElo "2490"]
[BlackElo "2334"]
[WhiteFideId "349658"]
[BlackFideId "13440110"]
[EventDate "2025.07.01"]

1. e4 c5 2. Nf3 d6 3. d4 cxd4 4. Nxd4 e5 5. Nc3 exd4 6. Qxd4 Nc6 7. Qd2 Nf6 8.
b3 Be6 9. Bb2 d5 10. O-O-O Nxe4 11. Nxe4 dxe4 12. Qe3 Qa5 13. Qg3 Be7 14. Qxg7
Qg5+ 15. Qxg5 Bxg5+ 16. Kb1 Rg8 17. Bb5 Rd8 18. Rde1 Rd2 19. Rxe4 Rxf2 20. g3
Be7 21. Bd4 Rf5 22. Bxc6+ bxc6 23. Rhe1 a6 24. Re5 Rxe5 25. Rxe5 Rg4 26. Be3 Bf6
27. Ra5 Re4 28. Bc1 Re1 29. c4 Bc3 0-1

[Event "Titled Tue 1st Jul Late"]
[Site "chess.com INT"]
[Date "2025.07.01"]
[Round "2"]
[White "Wieczorek, Zbigniew"]
[Black "Deng, Henry"]
[Result "0-1"]
[WhiteTitle "FM"]
[BlackTitle "FM"]
[WhiteElo "2105"]
[BlackElo "2327"]
[WhiteFideId "1102001"]
[BlackFideId "30965454"]
[EventDate "2025.07.01"]

1. Nf3 g6 2. c4 Bg7 3. Nc3 Nf6 4. d4 O-O 5. e4 d6 6. Be2 Nbd7 7. O-O e5 8. d5
Nc5 9. Bg5 a5 10. Nd2 Qe8 11. b3 Nfd7 12. a3 f5 13. b4 Na6 14. Rb1 h6 15. b5
Nab8 16. b6 hxg5 17. bxc7 Na6 18. Nb5 Qe7 19. g4 Ndc5 20. f3 Nxc7 21. Nxc7 Qxc7
22. Qc1 fxg4 23. fxg4 Rf4 0-1

[Event "Titled Tue 1st Jul Late"]
[Site "chess.com INT"]
[Date "2025.07.01"]
[Round "2"]
[White "Gyurjinyan, Valter"]
[Black "Angulo Perez, Sebastian"]
[Result "1-0"]
[WhiteTitle "CM"]
[BlackTitle "CM"]
[WhiteElo "2208"]
[BlackElo "2025"]
[WhiteFideId "13318179"]
[BlackFideId "6544045"]
[EventDate "2025.07.01"]

1. d4 Nf6 2. c4 e6 3. Nc3 Bb4 4. Nf3 O-O 5. Bg5 Bxc3+ 6. bxc3 d5 7. e3 h6 8. Bh4
Nbd7 9. Bd3 b6 10. cxd5 exd5 11. O-O Bb7 12. Ne5 g5 13. Bg3 Nxe5 14. dxe5 Ne4
15. f4 Nxc3 16. Qh5 Kg7 17. Bh4 gxh4 18. f5 Ne4 19. f6+ Kh7 20. Rf4 Rg8 21.
Qxf7+ Kh8 22. Rxh4 Qf8 23. Qxf8 Rgxf8 24. Rxh6+ Kg8 25. Rf1 Kf7 26. Rh7+ Ke6 27.
Re7# 1-0

[Event "Titled Tue 1st Jul Late"]
[Site "chess.com INT"]
[Date "2025.07.01"]
[Round "2"]
[White "Jimenez Almeida, Luis David"]
[Black "Mai, Alexander Oliver"]
[Result "1-0"]
[WhiteTitle "FM"]
[BlackTitle "CM"]
[WhiteElo "2188"]
[BlackElo "2171"]
[WhiteFideId "22242244"]
[BlackFideId "2313391"]
[EventDate "2025.07.01"]

1. e4 c5 2. Nc3 Nc6 3. g3 g6 4. Bg2 Bg7 5. d3 e6 6. Be3 b6 7. Qd2 Bb7 8. f4 Nd4
9. e5 Bxg2 10. Qxg2 Nf5 11. Bf2 h5 12. h3 Nge7 13. g4 hxg4 14. hxg4 Rxh1 15.
Qxh1 Nh6 16. Qg2 Kf8 17. O-O-O d5 18. Nf3 d4 19. Ne4 Qd5 20. Kb1 b5 21. Nfg5 Rb8
22. Nh7+ Kg8 23. Nhf6+ Bxf6 24. Nxf6+ 1-0

[Event "Titled Tue 1st Jul Late"]
[Site "chess.com INT"]
[Date "2025.07.01"]
[Round "2"]
[White "Urbina Perez, Juan Antonio"]
[Black "Ozen, Deniz"]
[Result "0-1"]
[WhiteTitle "FM"]
[BlackTitle "IM"]
[WhiteElo "2221"]
[BlackElo "2374"]
[WhiteFideId "2217368"]
[BlackFideId "6349196"]
[EventDate "2025.07.01"]

1. Nf3 d5 2. d4 Nf6 3. g3 c6 4. Bg2 Bf5 5. O-O e6 6. Nh4 Bg4 7. c3 Be7 8. Re1
O-O 9. Qb3 Qc8 10. Bf4 Nbd7 11. Nd2 Nh5 12. Nhf3 Nxf4 13. gxf4 Bd6 14. Ne5 Bf5
15. e3 f6 16. Nxd7 Qxd7 17. c4 Kh8 18. cxd5 exd5 19. Kh1 g5 20. fxg5 fxg5 21.
Rg1 Bxh2 22. Kxh2 Qd6+ 23. Kh1 Qh6+ 0-1

[Event "Titled Tue 1st Jul Late"]
[Site "chess.com INT"]
[Date "2025.07.01"]
[Round "2"]
[White "Akhayan, Ruben"]
[Black "Antoniou, Rafail"]
[Result "0-1"]
[WhiteTitle "FM"]
[BlackTitle "CM"]
[WhiteElo "2265"]
[BlackElo "2134"]
[WhiteFideId "204439"]
[BlackFideId "5904390"]
[EventDate "2025.07.01"]

1. Nf3 Nf6 2. d4 g6 3. Nc3 Bg7 4. e4 d6 5. h3 O-O 6. Be2 a6 7. a4 Nc6 8. O-O e5
9. Re1 Re8 10. Bf1 exd4 11. Nxd4 Nxd4 12. Qxd4 Nxe4 13. Qxg7+ Kxg7 14. Rxe4 Rxe4
15. Nxe4 Bf5 16. Ng3 Bxc2 17. Bd2 Qd7 18. Bc3+ Kg8 19. a5 c5 20. Rc1 Bf5 21. Rd1
d5 22. Be5 d4 23. Bc4 Re8 24. f4 Rxe5 25. fxe5 Be6 26. Bf1 Qc7 27. Re1 Qxa5 0-1

[Event "Titled Tue 1st Jul Late"]
[Site "chess.com INT"]
[Date "2025.07.01"]
[Round "2"]
[White "Meduri, Aakaash"]
[Black "Tasic, Vladimir"]
[Result "0-1"]
[WhiteElo "2043"]
[BlackElo "2208"]
[WhiteFideId "2032252"]
[BlackFideId "919667"]
[EventDate "2025.07.01"]

1. e4 d6 2. d4 Nf6 3. f3 g6 4. Be3 Nbd7 5. Qd2 c6 6. c4 Qc7 7. Nc3 e5 8. d5 h5
9. O-O-O a6 10. Kb1 c5 11. Nh3 Bg7 12. Ng5 Nb6 13. h4 Bd7 14. Be2 Na4 15. Rdf1
Nxc3+ 16. Qxc3 b5 17. Qc2 bxc4 18. Bxc4 Bb5 19. Rc1 Rb8 20. Ka1 O-O 21. Rb1 Bxc4
22. Qxc4 Qa5 23. Qe2 Rb5 24. g4 Rfb8 25. Rh2 Qxa2+ 0-1

[Event "Titled Tue 1st Jul Late"]
[Site "chess.com INT"]
[Date "2025.07.01"]
[Round "2"]
[White "Erdogmus, Yagiz Kaan"]
[Black "Zieba, Hubert"]
[Result "1-0"]
[WhiteTitle "GM"]
[BlackTitle "CM"]
[WhiteElo "2626"]
[BlackElo "2233"]
[WhiteFideId "44599790"]
[BlackFideId "21844704"]
[EventDate "2025.07.01"]

1. e4 c5 2. b3 g6 3. Bb2 Nf6 4. e5 Nd5 5. e6 Nf6 6. exf7+ Kxf7 7. Nf3 Bg7 8.
Bc4+ d5 9. Ne5+ Ke8 10. Bb5+ Bd7 11. Qe2 Nc6 12. Bxc6 Bxc6 13. Nc3 Rf8 14. O-O-O
Qd6 15. Rhe1 Kd8 16. Nb5 Bxb5 17. Qxb5 Kc7 18. Nxg6 a6 19. Qd3 Ne4 20. Bxg7 hxg6
21. f3 Nf2 22. Qe2 Nxd1 23. Be5 1-0

[Event "Titled Tue 1st Jul Late"]
[Site "chess.com INT"]
[Date "2025.07.01"]
[Round "2"]
[White "Colville, Julian"]
[Black "Montano Vicente, Guadalupe"]
[Result "1-0"]
[WhiteTitle "FM"]
[WhiteElo "2268"]
[BlackElo "1938"]
[WhiteFideId "30963273"]
[BlackFideId "5181399"]
[EventDate "2025.07.01"]

1. e4 c5 2. b4 cxb4 3. a3 d5 4. exd5 Qxd5 5. Nf3 Nf6 6. axb4 e5 7. Nc3 Qe6 8.
Nb5 Bd6 9. Bc4 Qe7 10. O-O O-O 11. Nxd6 Qxd6 12. Bb2 Nc6 13. b5 Nd4 14. Nxd4
exd4 15. Ba3 Qd8 16. Bxf8 Qxf8 17. Qf3 Qc5 18. Bd3 Qg5 19. b6 a6 20. Rxa6 Rb8
21. Ra7 h5 22. Rfa1 Bg4 23. Ra8 Rc8 24. Qxb7 1-0

[Event "Titled Tue 1st Jul Late"]
[Site "chess.com INT"]
[Date "2025.07.01"]
[Round "2"]
[White "Jing, Andrew"]
[Black "Bucci, Andrea"]
[Result "1-0"]
[WhiteTitle "FM"]
[WhiteElo "2292"]
[BlackElo "1526"]
[WhiteFideId "30984076"]
[BlackFideId "28546890"]
[EventDate "2025.07.01"]

1. e4 d6 2. d4 Nf6 3. Nc3 e5 4. Nge2 Nbd7 5. f3 Be7 6. Be3 O-O 7. Qd2 a6 8. a4
c6 9. Ng3 Nb6 10. Bd3 Nbd7 11. O-O exd4 12. Bxd4 Ne5 13. f4 Nxd3 14. Qxd3 Qc7
15. Rae1 Bg4 16. h3 Bd7 17. b3 Rae8 18. e5 dxe5 19. fxe5 Nd5 20. Nxd5 cxd5 21.
Nh5 Be6 22. Qg3 g6 23. Nf6+ Bxf6 24. Rxf6 Kg7 25. c3 h5 26. b4 Rh8 27. h4 Qd7
28. a5 Bg4 29. e6 fxe6 30. Rfxe6+ Kh7 31. Rxe8 Rxe8 32. Rxe8 Qxe8 33. Qc7+ Qd7
34. Qe5 Qf7 35. Qh8# 1-0

[Event "Titled Tue 1st Jul Late"]
[Site "chess.com INT"]
[Date "2025.07.01"]
[Round "2"]
[White "Naroditsky, Daniel"]
[Black "Stevik, Patrik"]
[Result "1-0"]
[WhiteTitle "GM"]
[BlackTitle "FM"]
[WhiteElo "2619"]
[BlackElo "2314"]
[WhiteFideId "2026961"]
[BlackFideId "14944812"]
[EventDate "2025.07.01"]

1. c4 Nf6 2. Nc3 e6 3. e4 c5 4. Nf3 Nc6 5. g3 Be7 6. Bg2 O-O 7. O-O b6 8. d4
cxd4 9. Nxd4 Bb7 10. e5 Ne8 11. Nxc6 Bxc6 12. Bxc6 dxc6 13. Qg4 Qd3 14. Rd1 Qg6
15. Qxg6 hxg6 16. Rd7 Bb4 17. Ne4 b5 18. Be3 a6 19. a3 Ba5 20. Bc5 Bc7 21. Bxf8
Kxf8 22. f4 bxc4 23. Ng5 Bb6+ 24. Kg2 Nc7 25. Rxf7+ Kg8 26. Rd7 Re8 27. Rc1 Nd5
28. Kf3 Bd4 29. Rxc4 Bxb2 30. Rxc6 Bxa3 31. Rxe6 Ra8 32. Rxd5 1-0

[Event "Titled Tue 1st Jul Late"]
[Site "chess.com INT"]
[Date "2025.07.01"]
[Round "2"]
[White "Alvir, Aco"]
[Black "Rajaram, Rohan"]
[Result "1-0"]
[WhiteTitle "IM"]
[BlackTitle "CM"]
[WhiteElo "2239"]
[BlackElo "2164"]
[WhiteFideId "14400367"]
[BlackFideId "30940729"]
[EventDate "2025.07.01"]

1. e4 c5 2. Nf3 d6 3. d4 cxd4 4. Nxd4 Nf6 5. Nc3 Nc6 6. Bc4 g6 7. Nxc6 bxc6 8.
e5 Nd7 9. exd6 exd6 10. O-O d5 11. Nxd5 Bg7 12. Bf4 cxd5 13. Re1+ Kf8 14. Qxd5
Qf6 15. Bd6+ Kg8 16. Qxa8 Qxd6 17. Qxc8+ Nf8 18. Rad1 Qb4 19. c3 1-0

[Event "Titled Tue 1st Jul Late"]
[Site "chess.com INT"]
[Date "2025.07.01"]
[Round "2"]
[White "Tica, Sven"]
[Black "Andrade, Ivan"]
[Result "1-0"]
[WhiteTitle "IM"]
[BlackTitle "FM"]
[WhiteElo "2442"]
[BlackElo "2144"]
[WhiteFideId "14526948"]
[BlackFideId "14800039"]
[EventDate "2025.07.01"]

1. Nf3 Nf6 2. g3 b6 3. Bg2 Bb7 4. O-O e6 5. d3 Be7 6. e4 d6 7. Nbd2 O-O 8. h4 c5
9. Re1 Nbd7 10. Nf1 Re8 11. N1h2 Nf8 12. Be3 d5 13. e5 N6d7 14. h5 d4 15. Bf4 h6
16. Ng4 Nh7 17. Qd2 Bf8 18. Re2 Qc7 19. Rae1 a6 20. Nfh2 Bxg2 21. Kxg2 Rad8 22.
Re4 b5 23. Nf3 Qc6 24. Kg1 f5 25. exf6 Ndxf6 26. Nfe5 Nxe4 27. Rxe4 Qd5 28. Bxh6
Bd6 29. Bxg7 Kxg7 30. Qh6+ Kg8 31. Qg6+ Kf8 32. Qf7# 1-0

[Event "Titled Tue 1st Jul Late"]
[Site "chess.com INT"]
[Date "2025.07.01"]
[Round "2"]
[White "Kodihalli, Kaustubh"]
[Black "Castillo Pena, Patricia Evarista"]
[Result "1-0"]
[BlackTitle "WFM"]
[WhiteElo "2038"]
[BlackElo "1909"]
[WhiteFideId "30956455"]
[BlackFideId "6412106"]
[EventDate "2025.07.01"]

1. e4 c5 2. Nf3 d6 3. d4 cxd4 4. Nxd4 Nf6 5. Nc3 a6 6. f3 e5 7. Nb3 Be6 8. Be3
Be7 9. Qd2 b5 10. O-O-O Nbd7 11. g4 Nb6 12. Na5 Rc8 13. Nb7 Qc7 14. Nxd6+ Bxd6
15. Qxd6 Nc4 16. Qxc7 Rxc7 17. Bxc4 Bxc4 18. Rd6 O-O 19. Rhd1 b4 20. Nd5 Nxd5
21. exd5 Bxa2 22. Rxa6 Bc4 23. Rc6 Rxc6 24. dxc6 Rc8 25. c7 h6 26. Rd8+ 1-0

[Event "Titled Tue 1st Jul Late"]
[Site "chess.com INT"]
[Date "2025.07.01"]
[Round "2"]
[White "Gabrielian, Artur"]
[Black "Dreelinck, Jacob"]
[Result "1-0"]
[WhiteTitle "GM"]
[BlackTitle "FM"]
[WhiteElo "2419"]
[BlackElo "2266"]
[WhiteFideId "4131002"]
[BlackFideId "250511"]
[EventDate "2025.07.01"]

1. Nf3 d5 2. g3 c5 3. Bg2 Nf6 4. O-O e6 5. c4 d4 6. d3 Nc6 7. e3 Be7 8. exd4
cxd4 9. Re1 O-O 10. Na3 Nd7 11. Nc2 e5 12. b4 Nxb4 13. Nxe5 Nxe5 14. Rxe5 Nc6
15. Re1 Bc5 16. Qh5 Bb6 17. Ba3 Re8 18. Rxe8+ Qxe8 19. Re1 Be6 20. Be4 g6 21.
Qh6 Ba5 22. Re2 Bd8 23. Bxc6 Qxc6 24. Qf8# 1-0

[Event "Titled Tue 1st Jul Late"]
[Site "chess.com INT"]
[Date "2025.07.01"]
[Round "2"]
[White "Firouzja, Alireza"]
[Black "McDonald, Jhustice-Dimonte"]
[Result "1-0"]
[WhiteTitle "GM"]
[BlackTitle "CM"]
[WhiteElo "2766"]
[BlackElo "2032"]
[WhiteFideId "12573981"]
[BlackFideId "7402481"]
[EventDate "2025.07.01"]

1. e4 d6 2. d4 g6 3. Nc3 Bg7 4. Be3 Nf6 5. h3 Nbd7 6. Nf3 c6 7. a4 e5 8. dxe5
dxe5 9. Bc4 O-O 10. a5 Qc7 11. O-O Rd8 12. Qe2 Nf8 13. Ng5 Be6 14. Bxe6 Nxe6 15.
Nxe6 fxe6 16. Qc4 Qf7 17. Rad1 Nh5 18. g3 Bf6 19. Na4 Rxd1 20. Rxd1 Re8 21. Nc5
Bd8 22. a6 b6 23. Nb7 Bf6 24. Qxc6 Be7 25. Rd7 Rf8 26. Nd6 Qf3 27. Nf5 exf5 28.
Qe6+ Kh8 29. Qxe7 1-0

[Event "Titled Tue 1st Jul Late"]
[Site "chess.com INT"]
[Date "2025.07.01"]
[Round "2"]
[White "Kocharin, Timur"]
[Black "Sanal, Vahap"]
[Result "0-1"]
[WhiteTitle "FM"]
[BlackTitle "GM"]
[WhiteElo "2304"]
[BlackElo "2564"]
[WhiteFideId "16240936"]
[BlackFideId "6300545"]
[EventDate "2025.07.01"]

1. e4 d6 2. d4 Nf6 3. Nc3 e5 4. dxe5 dxe5 5. Qxd8+ Kxd8 6. Bc4 Ke8 7. f4 Bb4 8.
Bd3 exf4 9. Bxf4 c6 10. Nf3 Bg4 11. O-O Nbd7 12. a3 Bxc3 13. bxc3 Nc5 14. Be5
Ke7 15. Bd4 Ne6 16. Ne5 c5 17. Be3 Bh5 18. Bc4 Rac8 19. Bd5 Rc7 20. Rab1 b6 21.
Nc6+ Kd7 22. Ne5+ Ke7 23. Nc6+ Kd6 24. c4 Ng4 25. Bd2 Rxc6 26. h3 Ne5 27. g4 Bg6
28. Bxc6 Kxc6 29. Bc3 Nxc4 30. a4 h5 31. Rbd1 hxg4 32. hxg4 Ne3 0-1

[Event "Titled Tue 1st Jul Late"]
[Site "chess.com INT"]
[Date "2025.07.01"]
[Round "2"]
[White "Shendrik, Zhanna"]
[Black "Ternault, Mathieu"]
[Result "1-0"]
[WhiteTitle "WCM"]
[BlackTitle "FM"]
[WhiteElo "1990"]
[BlackElo "2275"]
[WhiteFideId "24106160"]
[BlackFideId "20641532"]
[EventDate "2025.07.01"]

1. d4 d5 2. c4 c6 3. Nf3 Nf6 4. e3 Bg4 5. Nbd2 e6 6. Bd3 Nbd7 7. O-O Bd6 8. h3
Bf5 9. Qc2 Bxd3 10. Qxd3 O-O 11. b3 a5 12. Bb2 a4 13. e4 Nxe4 14. Nxe4 dxe4 15.
Qxe4 Nf6 16. Qc2 Bf4 17. b4 b5 18. a3 Qd7 19. Ne5 Qb7 20. Rfe1 Rac8 21. Rad1
Rfd8 22. Qe2 Bxe5 23. dxe5 Nd7 24. c5 Nf8 25. Rd6 Ng6 26. Red1 Ne7 27. Rxd8+ 1-0

[Event "Titled Tue 1st Jul Late"]
[Site "chess.com INT"]
[Date "2025.07.01"]
[Round "2"]
[White "Casadio, Niccolo'"]
[Black "Plichta, Kamil"]
[Result "0-1"]
[WhiteTitle "FM"]
[BlackTitle "FM"]
[WhiteElo "2249"]
[BlackElo "2361"]
[WhiteFideId "2827951"]
[BlackFideId "1141830"]
[EventDate "2025.07.01"]

1. e4 g6 2. d4 Bg7 3. Nc3 c5 4. dxc5 Bxc3+ 5. bxc3 Nf6 6. Bd3 Qa5 7. Ne2 Qxc5 8.
O-O d6 9. Be3 Qc7 10. h3 Nbd7 11. Rb1 b6 12. Nd4 Bb7 13. f3 O-O 14. a4 Qxc3 15.
Nb5 Qc6 16. a5 Nc5 17. Nd4 Qc7 18. Nb5 Qc8 19. Nd4 bxa5 20. Ra1 a4 21. Bb5 Rd8
22. Bxa4 Nxa4 23. Rxa4 e5 24. Nb3 d5 25. Bg5 dxe4 26. Qe1 Rd6 27. Qh4 Nh5 28.
fxe4 f6 29. Bxf6 Nxf6 30. Rxf6 Qd8 31. Rxd6 Qxh4 32. Nc5 Bc8 33. Ra1 Bxh3 34.
gxh3 Qg3+ 35. Kh1 Qxh3+ 36. Kg1 Rf8 37. Rd3 Qg4+ 38. Kh1 Rf2 0-1

[Event "Titled Tue 1st Jul Late"]
[Site "chess.com INT"]
[Date "2025.07.01"]
[Round "2"]
[White "Perez Cruz, Adianet"]
[Black "Rodriguez, Santiago"]
[Result "0-1"]
[WhiteTitle "WFM"]
[BlackTitle "CM"]
[WhiteElo "1984"]
[BlackElo "2252"]
[WhiteFideId "3510115"]
[BlackFideId "3000591"]
[EventDate "2025.07.01"]

1. d4 Nf6 2. Bg5 c5 3. Bxf6 gxf6 4. d5 f5 5. c4 Qb6 6. Qb3 Bg7 7. Nc3 d6 8. e3
e6 9. dxe6 fxe6 10. Nf3 Nc6 11. Be2 Qxb3 12. axb3 Ke7 13. O-O Bd7 14. Rfd1 Rhd8
15. g3 b6 16. h4 Na5 17. Ra3 Bc6 18. Ng5 h6 19. Nh3 d5 20. cxd5 exd5 21. Nf4 d4
22. exd4 Bxd4 23. Nb5 Bxb5 24. Bxb5 Bxf2+ 25. Kxf2 Rxd1 26. Be2 Rd2 27. Ke3 Rxb2
28. Nd5+ Kd6 29. Bc4 Re8+ 30. Kf3 Re4 31. Ne3 Ke5 32. Bd3 Rxe3+ 33. Kxe3 Rxb3
34. Ra1 c4 0-1

[Event "Titled Tue 1st Jul Late"]
[Site "chess.com INT"]
[Date "2025.07.01"]
[Round "2"]
[White "Sochacki, Christophe"]
[Black "Nihal, Sarin"]
[Result "0-1"]
[WhiteTitle "GM"]
[BlackTitle "GM"]
[WhiteElo "2449"]
[BlackElo "2696"]
[WhiteFideId "662569"]
[BlackFideId "25092340"]
[EventDate "2025.07.01"]

1. d4 d5 2. c4 e6 3. Nc3 a6 4. cxd5 exd5 5. Nf3 h6 6. Bf4 Nf6 7. e3 Bf5 8. Rc1
c6 9. Qb3 Ra7 10. h3 Nbd7 11. Be2 Be7 12. O-O O-O 13. Ne5 Re8 14. Bh2 Nxe5 15.
dxe5 Nd7 16. Rfd1 Nc5 17. Qb4 Nd3 18. Qd4 Bc5 19. Bxd3 Bxd4 20. exd4 Bxd3 21.
Rxd3 Ra8 22. g4 Rc8 23. f4 c5 24. dxc5 Rxc5 25. Kg2 d4 26. Bg1 Qb6 27. Na4 Qc6+ 0-1

[Event "Titled Tue 1st Jul Late"]
[Site "chess.com INT"]
[Date "2025.07.01"]
[Round "2"]
[White "Lacasa Diaz, Josep Anton"]
[Black "Tikhonov, Viacheslav"]
[Result "0-1"]
[WhiteTitle "IM"]
[BlackTitle "CM"]
[WhiteElo "2315"]
[BlackElo "2183"]
[WhiteFideId "2203375"]
[BlackFideId "44196407"]
[EventDate "2025.07.01"]

1. e4 c5 2. Nf3 Nc6 3. d4 cxd4 4. Nxd4 g6 5. c4 Nf6 6. Nc3 Nxd4 7. Qxd4 d6 8.
Be2 Bg7 9. O-O O-O 10. Qd3 Be6 11. Be3 Qa5 12. Bd4 Rfc8 13. b3 a6 14. f4 b5 15.
cxb5 axb5 16. Nxb5 Qb4 17. Nc3 Nxe4 18. Bxg7 Nxc3 19. Bxc3 Rxc3 20. Qd2 Qc5+ 21.
Kh1 Rc2 22. Qd3 Raxa2 23. Rxa2 Rxa2 24. Qg3 Rxe2 0-1

[Event "Titled Tue 1st Jul Late"]
[Site "chess.com INT"]
[Date "2025.07.01"]
[Round "2"]
[White "Amdouni, Zoubaier"]
[Black "Nicot, Valentin"]
[Result "0-1"]
[WhiteTitle "FM"]
[BlackTitle "CM"]
[WhiteElo "2186"]
[BlackElo "2206"]
[WhiteFideId "5500419"]
[BlackFideId "651002477"]
[EventDate "2025.07.01"]

1. d4 Nf6 2. Bg5 Ne4 3. Bf4 c5 4. f3 Nf6 5. d5 d6 6. e4 g6 7. c4 Bg7 8. Nc3 Nbd7
9. Bd3 a6 10. Nge2 O-O 11. O-O b5 12. cxb5 axb5 13. Bxb5 Qb6 14. Kh1 Ba6 15. Bc6
Rab8 16. b3 Rfd8 17. Rc1 Nh5 18. Be3 Ne5 19. Ba4 Qb7 20. f4 Ng4 21. Bg1 Qb4 22.
h3 Bxc3 23. hxg4 Bxe2 24. Qc2 Ng3+ 25. Kh2 Nxf1+ 26. Rxf1 Bxf1 0-1

[Event "Titled Tue 1st Jul Late"]
[Site "chess.com INT"]
[Date "2025.07.01"]
[Round "2"]
[White "Munoz, Miguel"]
[Black "Pereyra, Horacio"]
[Result "1-0"]
[WhiteTitle "GM"]
[WhiteElo "2321"]
[BlackElo "2133"]
[WhiteFideId "3800229"]
[BlackFideId "113700"]
[EventDate "2025.07.01"]

1. e4 c5 2. Nf3 d6 3. Bb5+ Bd7 4. Bxd7+ Nxd7 5. O-O Ngf6 6. Re1 e6 7. c4 e5 8.
d3 Be7 9. Nc3 O-O 10. Nd2 a6 11. a4 Rb8 12. Nf1 Re8 13. Ng3 g6 14. Rf1 Nf8 15.
f4 Ne6 16. f5 Nd4 17. Be3 Qd7 18. Rf2 h5 19. h3 h4 20. Nf1 gxf5 21. exf5 Nxf5
22. Bg5 Nh7 23. Qg4 Nxg5 24. Rxf5 f6 25. Rxg5+ fxg5 26. Qxd7 Rbd8 27. Qf5 Rf8
28. Qg6+ Kh8 29. Nd5 Rd7 30. Qh6+ Kg8 31. Qe6+ Kh8 32. Qxd7 1-0

[Event "Titled Tue 1st Jul Late"]
[Site "chess.com INT"]
[Date "2025.07.01"]
[Round "2"]
[White "Nifdaliyev, Jahangir"]
[Black "Zepeda Berlanga, Jan Enrique"]
[Result "1-0"]
[WhiteTitle "FM"]
[BlackTitle "CM"]
[WhiteElo "2312"]
[BlackElo "1984"]
[WhiteFideId "13407740"]
[BlackFideId "5132355"]
[EventDate "2025.07.01"]

1. Nf3 Nf6 2. g3 g6 3. Bg2 Bg7 4. O-O O-O 5. d4 c6 6. c4 d5 7. cxd5 cxd5 8. Ne5
Nc6 9. Nc3 e6 10. Bf4 Nh5 11. Nxc6 bxc6 12. Be3 Rb8 13. Qc2 e5 14. dxe5 Bxe5 15.
Bxa7 Rb7 16. Bc5 Bf5 17. Qa4 Rxb2 18. Bxf8 Bxc3 19. Ba3 Rxe2 20. g4 Qg5 21. Qa8+
Kg7 22. Bf8+ Kf6 23. Qd8+ Ke5 24. Qxg5 1-0

[Event "Titled Tue 1st Jul Late"]
[Site "chess.com INT"]
[Date "2025.07.01"]
[Round "2"]
[White "Linares Orellana, Hector Jose"]
[Black "Girya, Olga"]
[Result "1-0"]
[WhiteTitle "FM"]
[BlackTitle "GM"]
[WhiteElo "2111"]
[BlackElo "2393"]
[WhiteFideId "7304307"]
[BlackFideId "4195752"]
[EventDate "2025.07.01"]

1. e4 e5 2. Nf3 Nc6 3. Bc4 Bc5 4. c3 Nf6 5. d3 d6 6. O-O h6 7. Be3 Bxe3 8. fxe3
a5 9. a4 O-O 10. Nbd2 Be6 11. Bb3 Qe7 12. Re1 Nd7 13. Nf1 Bxb3 14. Qxb3 Nc5 15.
Qc2 Rae8 16. Ng3 Ne6 17. Nf5 Qd7 18. Qf2 Kh7 19. d4 Ng5 20. Nxg5+ hxg5 21. Qf3
Kg8 22. Qg4 f6 23. Nh6+ Kh7 24. Qxd7 Kxh6 25. Qxc7 Re7 26. Qxd6 Rd8 27. Qc5 Kh7
28. d5 1-0

[Event "Titled Tue 1st Jul Late"]
[Site "chess.com INT"]
[Date "2025.07.01"]
[Round "2"]
[White "Sargsyan, Shant"]
[Black "Lisenkov, Svyatoslav"]
[Result "1-0"]
[WhiteTitle "GM"]
[BlackTitle "CM"]
[WhiteElo "2669"]
[BlackElo "2283"]
[WhiteFideId "13306766"]
[BlackFideId "34264183"]
[EventDate "2025.07.01"]

1. c4 Nf6 2. g3 g6 3. Bg2 Bg7 4. Nc3 O-O 5. Nf3 d6 6. O-O Nc6 7. d3 e5 8. Bg5 h6
9. Bxf6 Qxf6 10. Nd2 Qd8 11. Rb1 a5 12. a3 Ne7 13. Qc1 c6 14. b4 axb4 15. axb4
d5 16. b5 Be6 17. Rd1 h5 18. Nb3 h4 19. Nc5 Bc8 20. bxc6 bxc6 21. cxd5 cxd5 22.
e4 h3 23. Bh1 dxe4 24. dxe4 Qc7 25. Nd5 Nxd5 26. exd5 Ra5 27. Ne4 Qxc1 28. Rbxc1
Bf5 29. d6 Rd8 30. Nc5 Bh6 31. Nb7 Bxc1 32. Nxa5 Ba3 33. Nb7 Rd7 34. Bc6 f6 35.
Bxd7 Bxd7 36. Ra1 Bb4 37. Rb1 Ba3 38. Rb3 Bc1 39. Nc5 1-0

[Event "Titled Tue 1st Jul Late"]
[Site "chess.com INT"]
[Date "2025.07.01"]
[Round "2"]
[White "Itkis, Boris"]
[Black "Shuvalova, Polina"]
[Result "0-1"]
[WhiteTitle "IM"]
[BlackTitle "IM"]
[WhiteElo "2270"]
[BlackElo "2480"]
[WhiteFideId "1209167"]
[BlackFideId "24171760"]
[EventDate "2025.07.01"]

1. e4 c6 2. d4 d5 3. e5 Bf5 4. h4 h5 5. Bg5 Qb6 6. Bd3 Bxd3 7. Qxd3 e6 8. Nd2 c5
9. c4 Ne7 10. Ngf3 Nbc6 11. O-O Nxd4 12. Nxd4 cxd4 13. Bxe7 Bxe7 14. cxd5 exd5
15. Nf3 O-O 16. Rfd1 Rac8 17. Nxd4 Bc5 18. Rd2 Rfe8 19. Nf3 g6 20. Rad1 Rcd8 21.
Re2 a6 22. Ng5 Qb5 23. Qf3 Re7 24. Qf6 Qxe2 25. Rf1 Qxe5 0-1